| 000 | 01710nam a2200493 i 4500 | ||
|---|---|---|---|
| 001 | 31120 | ||
| 003 | KOSZ 005 | ||
| 005 | 20210909102710.0 | ||
| 008 | 970903s1988 pl a |000 0 pol | ||
| 015 | _aUWD 1990/7159 | ||
| 035 | _a991002363929705066 | ||
| 035 | _a(PL-WaBN)b10652358-48omnis_nlop | ||
| 035 | _ab10652358 | ||
| 035 | _a(OCoLC)749910142 | ||
| 035 | _axx001126854 | ||
| 035 | _a(PL)b0000001065235 | ||
| 035 | _a(EXLNZ-48OMNIS_NETWORK)9910425828105606 | ||
| 040 |
_aWA N _cWA N _dKOSZ 005/HR |
||
| 046 | _k1988 | ||
| 080 | _a7.05(73)"19" | ||
| 080 | _a7.071(73)"19" | ||
| 080 | _a(02.025.2) | ||
| 245 | 0 | 0 |
_aWzornictwo przemysłowe i jego twórcy : _bsylwetki projektantów amerykańskich / _c[oprac. red. Piotr Śmietanka] ; Instytut Wzornictwa Przemysłowego, Warszawa. |
| 260 |
_aWarszawa : _bIWP, _c1988. |
||
| 300 |
_a50 s. : _bfot. ; _c22 cm. |
||
| 336 |
_aTekst _btxt _2rdacontent |
||
| 337 |
_aBez urządzenia pośredniczącego _bn _2rdamedia |
||
| 338 |
_aWolumin _bnc _2rdacarrier |
||
| 380 | _aKsiążki | ||
| 388 | _a1901-2000 | ||
| 388 | _a1945-1989 | ||
| 490 | 1 |
_aBiblioteka Wzornictwa, _x0860-4320 ; _v11 |
|
| 504 | _aBibliogr. s. 49-50. | ||
| 650 | 7 |
_aWzornictwo przemysłowe _2DBN |
|
| 650 | 7 | _aDesignerzy amerykańscy | |
| 651 | _aStany Zjednoczone (USA) | ||
| 658 | _aKultura i sztuka | ||
| 700 | 1 |
_aŚmietanka, Piotr _eRedakcja |
|
| 710 | 2 | _aInstytut Wzornictwa Przemysłowego | |
| 830 | 0 |
_aBiblioteka Wzornictwa _v11 |
|
| 856 |
_uhttp://koha.tu.koszalin.pl/cgi-bin/koha/opac-detail.pl?biblionumber=31120 _yKatalog online BPK |
||
| 942 |
_2UKD _cKS |
||
| 999 |
_c31120 _d31120 |
||